000 00365nam a2200157Ia 4500
005 20250425161143.0
008 250425s9999 xx 000 0 und d
041 _aeng
082 _aIBM4381
245 0 _aGENERAL ENGINEERING KNOWLEDGE FOR MARINE ENG.
250 _aS.E.
260 _aS.L.
260 _aSin Pais
_bS.E.
_c1900
942 _c01
010 _a13899
999 _c203492
_d203492